| 000 | 00970cab a2200253 4500 | ||
|---|---|---|---|
| 001 | ABS58257 | ||
| 008 | 090401t1998 xxu||||| |||| 00| 0 eng d | ||
| 035 | _a(Sirsi) u84644 | ||
| 041 | _aeng | ||
| 100 | _aSpring, M. | ||
| 245 | _aAccess all areas | ||
| 260 | _c1998 | ||
| 350 | _a0 | ||
| 490 |
_aBuilding _v263(8028) 27 February 1998, 64-65(2) |
||
| 520 | _aMaking historic buildings accessible to disabled people, whilst retaining the character of the building can be a challenge for architects. Uses the case of the Royal Academy to illustrate how access ramps can be successfully incorporated into historic buildings. | ||
| 650 | _aDISABILITY DISCRIMINATION ACT 1995 | ||
| 650 | _aMANAGEMENT-BUSINESS MANAGEMENT-DISCRIMINATION-DISABILITY DISCRIMINATION-ACCESSIBILITY | ||
| 650 | _aDISABLED PEOPLE | ||
| 650 | _aHISTORIC BUILDINGS | ||
| 650 | _aROYAL ACADEMY | ||
| 690 | _aBUILT ENVIRONMENT-CONSTRUCTION DESIGN | ||
| 942 | _n0 | ||
| 948 | _c04/03/1998 | ||
| 999 |
_c53214 _d53214 |
||